000 00726nam a2200265Ia 4500
003 OSt
005 20221006143840.0
006 a|||||r|||| 00| 0
007 ta
008 221006b |||||||| |||| 00| 0 eng d
020 _c326.00
024 _a10,179
037 _cTextual
040 _aEASL
_cEASL
_beng
041 _2eng
_aeng
082 _aWx, M0
100 _aFREEMAN Michael Ed.
245 0 _aFrontiers of political theory
_b Essays in a revitalised discipline
260 _aSussex
_bHarvester Press
_c1980
300 _a308p.
_ccm.
490 _v Oth
700 _a ROBERTSON David Ed.
942 _hWx, M0
_cTEXL
_2CC
999 _c1078265
_d1078265